00626 2200229 4500001002100000005001500021035002000036245009600056100002300152250000600175300003100181700001900212260002700231082001000258084001600268020001800284650002600302990001700328990001700345990001700362990001700379INLIS00000000000052920181206103440 a0010-12180000151 aBeternak Lebah Peluang Bisnis Semua Orang /cBambang Marhiyanto; Penyunting, Titik Oktia M.0 aBambang Marhiyanto a- a60 hlm. :bilus. ;c25 cm.0 aTitik Oktia M. aSurabaya :bSIC,c2010 a638.1 a638.1 BAM b a979-9415-43-8 aPeternakan Lebah Madu a01888/P/2018 a01889/P/2018 a01890/P/2018 a01891/P/2018